[Event "Open C"]
[Site "Polanica-Zdroj"]
[Date "2017.08.19"]
[Round "1.1"]
[White "Suchanek, Paulina"]
[Black "Slabek, Grzegorz"]
[Result "0-1"]
[BlackElo "2000"]
[WhiteElo "1521"]
[LiveChessVersion "1.4.8"]

1. d4 {[%clk 1:30:56]} Nf6 {[%clk 1:30:52]} 2. c4 {[%clk 1:29:53]} c6
{[%clk 1:31:01]} 3. Nf3 {[%clk 1:28:00]} d5 {[%clk 1:31:08]} 4. Nc3
{[%clk 1:25:54]} e6 {[%clk 1:31:07]} 5. Bg5 {[%clk 1:24:43]} Be7 {[%clk 1:31:05]}
6. e3 {[%clk 1:23:19]} O-O {[%clk 1:31:22]} 7. Qc2 {[%clk 1:21:57]} b6
{[%clk 1:29:54]} 8. Rc1 {[%clk 1:15:19]} Bb7 {[%clk 1:29:58]} 9. c5
{[%clk 0:54:03]} Nbd7 {[%clk 1:27:39]} 10. b4 {[%clk 0:51:18]} a5
{[%clk 1:23:10]} 11. a3 {[%clk 0:43:30]} axb4 {[%clk 1:23:19]} 12. axb4
{[%clk 0:41:16]} bxc5 {[%clk 1:23:40]} 13. bxc5 {[%clk 0:39:01]} h6
{[%clk 1:22:25]} 14. Bh4 {[%clk 0:37:48]} Ra3 {[%clk 1:19:59]} 15. Bd3
{[%clk 0:32:43]} Qa5 {[%clk 1:19:04]} 16. O-O {[%clk 0:30:23]} Ba6
{[%clk 1:15:06]} 17. Bxa6 {[%clk 0:22:40]} Qxa6 {[%clk 1:15:10]} 18. Qe2
{[%clk 0:12:50]} Qa5 {[%clk 1:14:02]} 19. Qc2 {[%clk 0:08:28]} Rb8
{[%clk 1:12:42]} 20. Nb1 {[%clk 0:06:30]} Ra2 {[%clk 1:11:55]} 21. Qc3
{[%clk 0:03:57]} Qa6 {[%clk 1:10:57]} 22. Qe1 {[%clk 0:03:33]} Bd8
{[%clk 1:10:40]} 23. Nc3 {[%clk 0:02:02]} Ra3 {[%clk 1:07:59]} 24. Ra1
{[%clk 0:01:28]} Rbb3 {[%clk 1:07:45]} 25. Rxa3 {[%clk 0:01:30]} Qxa3
{[%clk 1:08:02]} 26. Nb1 {[%clk 0:01:47]} Qa2 {[%clk 1:07:48]} 27. Ne5
{[%clk 0:01:37]} Nxe5 {[%clk 1:07:02]} 28. dxe5 {[%clk 0:02:01]} Ba5
{[%clk 1:07:22]} 29. Qc1 {[%clk 0:02:04]} Ne4 {[%clk 1:06:50]} 30. Be7
{[%clk 0:02:01]} Nxf2 {[%clk 1:06:30]} 31. Rxf2 Qxb1 {[%clk 1:06:20]} 32. Qxb1
{[%clk 0:01:09]} Rxb1+ {[%clk 1:06:40]} 33. Rf1 {[%clk 0:01:30]} Rb5
{[%clk 1:05:02]} 34. Kf2 {[%clk 0:01:41]} Bc3 {[%clk 1:04:48]} 35. Bd6
{[%clk 0:01:42]} d4 {[%clk 1:04:50]} 36. Rd1 {[%clk 0:00:45]} Rb2+
{[%clk 1:05:02]} 37. Kf3 {[%clk 0:00:58]} dxe3 {[%clk 1:05:23]} 38. Kxe3 0-1

[Event "Open C"]
[Site "Polanica-Zdroj"]
[Date "2017.08.19"]
[Round "1.2"]
[White "Pyka, Roman"]
[Black "Krzyzosiak, Anna"]
[Result "1-0"]
[BlackElo "1518"]
[WhiteElo "1991"]
[LiveChessVersion "1.4.8"]

1. Nf3 {[%clk 1:30:46]} Nf6 {[%clk 1:30:39]} 2. d4 {[%clk 1:31:08]} g6
{[%clk 1:30:44]} 3. g3 {[%clk 1:31:29]} Bg7 {[%clk 1:30:48]} 4. c4
{[%clk 1:31:51]} d6 {[%clk 1:30:04]} 5. Bg2 {[%clk 1:32:14]} O-O {[%clk 1:29:07]}
6. Nc3 {[%clk 1:32:36]} Nbd7 {[%clk 1:27:51]} 7. O-O {[%clk 1:32:54]} e5
{[%clk 1:26:28]} 8. e4 {[%clk 1:33:03]} Re8 {[%clk 1:21:23]} 9. Re1
{[%clk 1:33:13]} b6 {[%clk 1:17:27]} 10. h3 {[%clk 1:29:29]} Bb7 {[%clk 1:15:52]}
11. d5 {[%clk 1:29:48]} Nc5 {[%clk 1:12:53]} 12. b4 {[%clk 1:29:35]} Na6
{[%clk 1:10:43]} 13. a3 {[%clk 1:28:18]} Nd7 {[%clk 1:06:30]} 14. Qc2
{[%clk 1:26:08]} f5 {[%clk 1:04:14]} 15. Ng5 {[%clk 1:25:27]} fxe4
{[%clk 1:02:56]} 16. Ne6 {[%clk 1:25:13]} Qc8 {[%clk 1:01:12]} 17. Nxe4
{[%clk 1:24:25]} Nf6 {[%clk 0:58:19]} 18. Bg5 {[%clk 1:23:51]} Nxe4
{[%clk 0:57:55]} 19. Bxe4 {[%clk 1:24:13]} Qd7 {[%clk 0:48:36]} 20. h4
{[%clk 1:21:29]} Bf8 {[%clk 0:45:48]} 21. Bxg6 {[%clk 1:21:01]} Rxe6
{[%clk 0:43:29]} 22. dxe6 {[%clk 1:21:16]} Qxe6 {[%clk 0:43:50]} 23. Bxh7+
{[%clk 1:21:31]} Kg7 {[%clk 0:43:35]} 24. Be4 {[%clk 1:20:13]} Bxe4
{[%clk 0:42:53]} 25. Qxe4 {[%clk 1:20:22]} Re8 {[%clk 0:42:32]} 26. Rac1
{[%clk 1:19:03]} Be7 {[%clk 0:41:54]} 27. Qe3 {[%clk 1:17:26]} Nb8
{[%clk 0:41:17]} 28. Bxe7 {[%clk 1:17:42]} Qxe7 {[%clk 0:41:07]} 29. c5
{[%clk 1:17:14]} bxc5 {[%clk 0:39:38]} 30. bxc5 {[%clk 1:17:36]} dxc5
{[%clk 0:38:40]} 31. Qxc5 {[%clk 1:17:45]} c6 {[%clk 0:38:03]} 32. Qxe7+
{[%clk 1:17:59]} Rxe7 {[%clk 0:38:25]} 33. f4 {[%clk 1:17:45]} Kf6
{[%clk 0:38:41]} 34. fxe5+ {[%clk 1:17:49]} Rxe5 {[%clk 0:38:30]} 35. Rxe5
{[%clk 1:18:05]} Kxe5 {[%clk 0:38:41]} 36. Rb1 {[%clk 1:18:04]} Nd7
{[%clk 0:38:25]} 37. Rb7 {[%clk 1:18:02]} Nf6 {[%clk 0:38:36]} 38. Rxa7
{[%clk 1:18:12]} c5 {[%clk 0:38:52]} 39. Kf2 {[%clk 1:18:23]} Kd4
{[%clk 0:39:04]} 40. Rf7 {[%clk 1:18:12]} Ne4+ {[%clk 0:38:58]} 41. Kf3
{[%clk 1:18:07]} Nd2+ {[%clk 0:39:09]} 42. Kf4 {[%clk 1:18:09]} c4
{[%clk 0:38:50]} 43. Rd7+ {[%clk 1:17:59]} Kc3 {[%clk 0:38:57]} 44. h5
{[%clk 1:18:08]} Kc2 {[%clk 0:39:09]} 45. h6 {[%clk 1:18:25]} c3 {[%clk 0:39:35]}
46. Rc7 {[%clk 1:17:57]} Kb2 {[%clk 0:39:45]} 47. Rxc3 {[%clk 1:18:17]} Kxc3
{[%clk 0:40:09]} 48. h7 1-0

[Event "Open C"]
[Site "Polanica-Zdroj"]
[Date "2017.08.19"]
[Round "1.3"]
[White "Gorczyca, Piotr"]
[Black "Litner, Igor"]
[Result "0-1"]
[BlackElo "1991"]
[WhiteElo "1516"]
[LiveChessVersion "1.4.8"]

1. d4 {[%clk 1:30:51]} Nf6 {[%clk 1:30:53]} 2. Nf3 {[%clk 1:31:07]} g6
{[%clk 1:30:45]} 3. c4 {[%clk 1:31:01]} Bg7 {[%clk 1:31:07]} 4. Nc3
{[%clk 1:31:19]} d5 {[%clk 1:31:33]} 5. Qb3 {[%clk 1:29:01]} c6 {[%clk 1:28:11]}
6. Bf4 {[%clk 1:18:53]} O-O {[%clk 1:28:19]} 7. e3 {[%clk 1:18:47]} e6
{[%clk 1:26:19]} 8. cxd5 {[%clk 1:17:47]} exd5 {[%clk 1:26:37]} 9. Be2
{[%clk 1:17:18]} Nbd7 {[%clk 1:24:19]} 10. O-O {[%clk 1:17:38]} Qb6
{[%clk 1:22:45]} 11. Qc2 {[%clk 1:16:43]} Re8 {[%clk 1:18:57]} 12. Ne5
{[%clk 1:13:28]} Ne4 {[%clk 1:14:43]} 13. Nxe4 {[%clk 1:02:04]} Bxe5
{[%clk 1:10:19]} 14. Bxe5 {[%clk 1:02:06]} dxe4 {[%clk 1:10:26]} 15. Bd6
{[%clk 0:52:44]} Nf6 {[%clk 1:05:50]} 16. Be5 {[%clk 0:49:36]} Nd7
{[%clk 1:00:40]} 17. Bd6 {[%clk 0:48:26]} Nf6 {[%clk 0:57:19]} 18. Be5
{[%clk 0:48:45]} Nd7 {[%clk 0:56:47]} 19. Bd6 {[%clk 0:49:02]} Nf8
{[%clk 0:57:12]} 20. b4 {[%clk 0:39:56]} Be6 {[%clk 0:47:52]} 21. a4
{[%clk 0:37:24]} Bd5 {[%clk 0:47:43]} 22. a5 {[%clk 0:32:26]} Qd8
{[%clk 0:47:57]} 23. Be5 {[%clk 0:29:34]} a6 {[%clk 0:46:56]} 24. h3
{[%clk 0:26:44]} f6 {[%clk 0:46:31]} 25. Bf4 {[%clk 0:26:01]} Kg7
{[%clk 0:46:51]} 26. Ra3 {[%clk 0:23:37]} Ne6 {[%clk 0:46:34]} 27. Bg3
{[%clk 0:22:47]} Qe7 {[%clk 0:46:51]} 28. Qc3 {[%clk 0:20:49]} Rad8
{[%clk 0:47:00]} 29. f3 {[%clk 0:19:37]} Ng5 {[%clk 0:45:29]} 30. Bh4
{[%clk 0:16:49]} h6 {[%clk 0:38:27]} 31. Bd1 {[%clk 0:15:15]} f5 {[%clk 0:36:30]}
32. Qe1 {[%clk 0:13:42]} exf3 {[%clk 0:34:56]} 33. Bxf3 {[%clk 0:09:30]} Bxf3
{[%clk 0:35:15]} 34. gxf3 {[%clk 0:09:50]} f4 {[%clk 0:34:47]} 35. Kh1
{[%clk 0:05:00]} fxe3 {[%clk 0:34:44]} 36. f4 {[%clk 0:05:13]} Qe4+
{[%clk 0:34:57]} 37. Kh2 {[%clk 0:05:09]} Nf3+ {[%clk 0:34:26]} 38. Rxf3
{[%clk 0:05:28]} Qxf3 {[%clk 0:34:53]} 39. Bxd8 {[%clk 0:05:03]} Qxf4+
{[%clk 0:35:15]} 40. Kg2 {[%clk 0:04:22]} Rxd8 {[%clk 0:35:39]} 41. Rxe3
{[%clk 0:04:40]} Qg5+ {[%clk 0:33:52]} 42. Kh2 {[%clk 0:04:34]} Rd7
{[%clk 0:33:46]} 43. Re5 {[%clk 0:03:14]} Qf6 {[%clk 0:32:16]} 44. Kg3
{[%clk 0:02:53]} Rf7 {[%clk 0:30:00]} 45. Qe3 {[%clk 0:02:44]} Qd6
{[%clk 0:28:11]} 46. Kg2 {[%clk 0:02:57]} Qxb4 {[%clk 0:28:17]} 47. d5
{[%clk 0:02:14]} cxd5 {[%clk 0:25:25]} 48. Rxd5 {[%clk 0:02:20]} Qf4
{[%clk 0:25:04]} 49. Qc3+ {[%clk 0:02:42]} Kh7 {[%clk 0:24:18]} 50. Qd3
{[%clk 0:01:56]} Qf2+ {[%clk 0:24:19]} 51. Kh1 {[%clk 0:02:09]} Qe1+
{[%clk 0:24:45]} 0-1

[Event "Open C"]
[Site "Polanica-Zdroj"]
[Date "2017.08.19"]
[Round "1.4"]
[White "Czuchnicki, Adam"]
[Black "Nowakowski, Michal"]
[Result "0-1"]
[BlackElo "1512"]
[WhiteElo "1991"]
[LiveChessVersion "1.4.8"]

1. e4 {[%clk 1:30:56]} c5 {[%clk 1:30:32]} 2. c3 {[%clk 1:31:22]} e6
{[%clk 1:29:56]} 3. d4 {[%clk 1:31:25]} d5 {[%clk 1:27:17]} 4. exd5
{[%clk 1:29:39]} Qxd5 {[%clk 1:26:41]} 5. Nf3 {[%clk 1:30:01]} Nc6
{[%clk 1:26:08]} 6. Bd3 {[%clk 1:29:26]} Nf6 {[%clk 1:24:40]} 7. O-O
{[%clk 1:29:31]} Bd6 {[%clk 1:24:11]} 8. Re1 {[%clk 1:00:27]} Qh5
{[%clk 1:21:35]} 9. Na3 {[%clk 0:46:30]} cxd4 {[%clk 1:18:00]} 10. Nb5
{[%clk 0:45:28]} Bb8 {[%clk 1:17:47]} 11. Nbxd4 {[%clk 0:44:00]} Nxd4
{[%clk 1:17:43]} 12. cxd4 {[%clk 0:44:18]} O-O {[%clk 1:17:52]} 13. Bg5
{[%clk 0:37:31]} Bxh2+ {[%clk 1:16:49]} 14. Nxh2 {[%clk 0:36:07]} Qxg5
{[%clk 1:17:09]} 15. Re5 {[%clk 0:34:41]} Qh6 {[%clk 1:16:21]} 16. Rc1
{[%clk 0:18:37]} g6 {[%clk 1:16:36]} 17. Bc4 {[%clk 0:11:51]} Rd8
{[%clk 1:16:27]} 18. Rc3 {[%clk 0:11:05]} Qf4 {[%clk 1:16:16]} 19. Rd3
{[%clk 0:08:12]} Rxd4 {[%clk 1:16:07]} 20. Rxd4 {[%clk 0:08:10]} Qxe5
{[%clk 1:16:20]} 21. Rd8+ {[%clk 0:08:12]} Kg7 {[%clk 1:16:35]} 22. Bb3
{[%clk 0:05:18]} b6 {[%clk 1:16:37]} 23. Nf3 {[%clk 0:04:48]} Qxb2
{[%clk 1:16:06]} 24. Qd6 {[%clk 0:04:51]} Qc1+ {[%clk 1:15:07]} 25. Bd1
{[%clk 0:03:39]} Qc5 {[%clk 1:15:25]} 26. Qd2 {[%clk 0:00:58]} Bb7
{[%clk 1:15:24]} 27. Rd4 {[%clk 0:01:20]} Bxf3 {[%clk 1:15:21]} 28. Bxf3
{[%clk 0:01:44]} Rc8 {[%clk 1:15:39]} 29. Kh2 {[%clk 0:01:39]} Qc2
{[%clk 1:14:38]} 30. Qf4 {[%clk 0:00:54]} Qxf2 {[%clk 1:14:31]} 31. Qe5
{[%clk 0:00:47]} Rc5 {[%clk 1:14:42]} 32. Qd6 {[%clk 0:01:08]} Rf5
{[%clk 1:13:44]} 33. Rd2 {[%clk 0:01:02]} Qh4+ {[%clk 1:13:32]} 34. Kg1
{[%clk 0:01:27]} Qg5 {[%clk 1:13:21]} 35. Rc2 {[%clk 0:01:16]} Rxf3
{[%clk 1:13:31]} 36. Rc8 {[%clk 0:01:32]} Qe3+ {[%clk 1:13:21]} 37. Kh1
{[%clk 0:01:55]} Rf1+ {[%clk 1:13:22]} 38. Kh2 {[%clk 0:02:19]} Ng4# 0-1

[Event "Open C"]
[Site "Polanica-Zdroj"]
[Date "2017.08.19"]
[Round "1.5"]
[White "Proczek, Mateusz"]
[Black "Szylko, Waldemar"]
[Result "0-1"]
[BlackElo "1989"]
[WhiteElo "1511"]
[LiveChessVersion "1.4.8"]

1. e4 {[%clk 1:30:57]} c6 {[%clk 1:30:52]} 2. d4 {[%clk 1:31:10]} d5
{[%clk 1:31:12]} 3. Nc3 {[%clk 1:30:46]} dxe4 {[%clk 1:31:26]} 4. Nxe4
{[%clk 1:31:08]} Nf6 {[%clk 1:31:48]} 5. Nxf6+ {[%clk 1:30:08]} gxf6
{[%clk 1:32:08]} 6. Nf3 {[%clk 1:29:16]} Bg4 {[%clk 1:32:26]} 7. Be2
{[%clk 1:29:10]} e6 {[%clk 1:32:44]} 8. c3 {[%clk 1:28:09]} Bd6 {[%clk 1:32:54]}
9. h3 {[%clk 1:25:15]} Bh5 {[%clk 1:33:03]} 10. Nh4 {[%clk 1:20:40]} Bg6
{[%clk 1:31:56]} 11. Nxg6 {[%clk 1:18:54]} hxg6 {[%clk 1:32:12]} 12. Qb3
{[%clk 1:13:46]} Qc7 {[%clk 1:32:00]} 13. Bd2 {[%clk 1:10:44]} Nd7
{[%clk 1:31:27]} 14. O-O-O {[%clk 1:09:32]} O-O-O {[%clk 1:31:15]} 15. Rhe1
{[%clk 1:00:34]} Bf4 {[%clk 1:29:13]} 16. Bf3 {[%clk 0:57:05]} Nb6
{[%clk 1:24:35]} 17. Bxf4 {[%clk 0:53:17]} Qxf4+ {[%clk 1:24:44]} 18. Kb1
{[%clk 0:53:05]} Rd7 {[%clk 1:21:34]} 19. Re2 {[%clk 0:49:50]} Rhd8
{[%clk 1:20:13]} 20. Rde1 {[%clk 0:45:56]} g5 {[%clk 1:18:04]} 21. Be4
{[%clk 0:39:25]} f5 {[%clk 1:16:08]} 22. g3 {[%clk 0:37:33]} Qc7 {[%clk 1:15:36]}
23. Bf3 {[%clk 0:37:01]} Rh8 {[%clk 1:13:06]} 24. Rh1 {[%clk 0:33:42]} Rdd8
{[%clk 1:09:54]} 25. Re5 {[%clk 0:30:44]} Nd7 {[%clk 1:08:33]} 26. Ree1
{[%clk 0:30:22]} Nf6 {[%clk 1:07:38]} 27. Bg2 {[%clk 0:27:56]} g4
{[%clk 1:04:22]} 28. h4 {[%clk 0:26:12]} f4 {[%clk 1:04:13]} 29. gxf4
{[%clk 0:24:32]} Qxf4 {[%clk 1:03:59]} 30. Qc2 {[%clk 0:24:09]} Rh5
{[%clk 1:03:05]} 31. Qe2 {[%clk 0:21:08]} Rdh8 {[%clk 1:02:51]} 32. Qe3
{[%clk 0:16:52]} Qxe3 {[%clk 1:01:10]} 33. Rxe3 {[%clk 0:17:17]} Rxh4
{[%clk 1:01:17]} 34. Rxh4 {[%clk 0:17:21]} Rxh4 {[%clk 1:01:31]} 35. f4
{[%clk 0:16:28]} Kd7 {[%clk 1:00:38]} 36. Re5 {[%clk 0:15:01]} Rh2
{[%clk 0:58:15]} 37. Re2 {[%clk 0:14:59]} Kd6 {[%clk 0:58:11]} 38. c4
{[%clk 0:14:58]} Nh5 {[%clk 0:57:56]} 39. c5+ {[%clk 0:15:08]} Ke7
{[%clk 0:57:40]} 40. Bf1 {[%clk 0:14:06]} Rh1 {[%clk 0:57:31]} 41. Kc1 0-1

[Event "Open C"]
[Site "Polanica-Zdroj"]
[Date "2017.08.19"]
[Round "1.6"]
[White "Budnik, Mateusz"]
[Black "Wilk, Igor"]
[Result "1-0"]
[BlackElo "1510"]
[WhiteElo "1987"]
[LiveChessVersion "1.4.8"]

1. e4 {[%clk 1:30:58]} e6 {[%clk 1:30:47]} 2. d4 {[%clk 1:31:22]} d5
{[%clk 1:30:59]} 3. e5 {[%clk 1:31:47]} c5 {[%clk 1:31:04]} 4. c3
{[%clk 1:32:11]} Nc6 {[%clk 1:31:07]} 5. Nf3 {[%clk 1:32:35]} Qb6
{[%clk 1:30:59]} 6. a3 {[%clk 1:32:57]} Nge7 {[%clk 1:30:53]} 7. b4
{[%clk 1:33:08]} cxb4 {[%clk 1:30:18]} 8. cxb4 {[%clk 1:32:26]} Nf5
{[%clk 1:29:58]} 9. Bb2 {[%clk 1:32:43]} Bd7 {[%clk 1:29:00]} 10. Be2
{[%clk 1:31:55]} Be7 {[%clk 1:28:00]} 11. O-O {[%clk 1:31:12]} O-O
{[%clk 1:26:51]} 12. Qd2 {[%clk 1:30:10]} f6 {[%clk 1:25:26]} 13. Rd1
{[%clk 1:29:04]} Rac8 {[%clk 1:23:20]} 14. Nc3 {[%clk 1:25:53]} fxe5
{[%clk 1:18:03]} 15. dxe5 {[%clk 1:26:04]} Nh4 {[%clk 1:16:37]} 16. Nxd5
{[%clk 1:23:58]} Nxf3+ {[%clk 1:13:17]} 17. Bxf3 {[%clk 1:24:03]} exd5
{[%clk 1:12:38]} 18. Qxd5+ {[%clk 1:24:25]} Kh8 {[%clk 1:12:17]} 19. Qxd7
{[%clk 1:24:50]} Qc7 {[%clk 1:10:47]} 20. Qxc7 {[%clk 1:24:57]} Rxc7
{[%clk 1:11:09]} 21. Rac1 {[%clk 1:25:09]} Rfc8 {[%clk 1:09:37]} 22. Bg4
{[%clk 1:25:10]} Rd8 {[%clk 1:08:31]} 23. Rxd8+ {[%clk 1:24:18]} Bxd8
{[%clk 1:08:44]} 24. e6 {[%clk 1:23:20]} Re7 {[%clk 1:07:46]} 25. b5
{[%clk 1:23:30]} Na5 {[%clk 1:07:19]} 26. Rc8 {[%clk 1:23:56]} Re8
{[%clk 1:07:06]} 27. e7 {[%clk 1:24:18]} 1-0

[Event "Open C"]
[Site "Polanica-Zdroj"]
[Date "2017.08.19"]
[Round "1.7"]
[White "Bartlomowicz, Jakub"]
[Black "Gromczak, Dariusz"]
[Result "0-1"]
[BlackElo "1979"]
[WhiteElo "1506"]
[LiveChessVersion "1.4.8"]

1. e4 {[%clk 1:30:58]} c5 {[%clk 1:30:58]} 2. Nf3 {[%clk 1:31:20]} e6
{[%clk 1:31:10]} 3. d4 {[%clk 1:31:42]} cxd4 {[%clk 1:31:31]} 4. Nxd4
{[%clk 1:32:06]} Nc6 {[%clk 1:31:44]} 5. Nc3 {[%clk 1:32:00]} Qc7
{[%clk 1:32:05]} 6. Be2 {[%clk 1:31:43]} a6 {[%clk 1:32:28]} 7. O-O
{[%clk 1:31:18]} Nf6 {[%clk 1:31:22]} 8. Kh1 {[%clk 1:30:17]} Nxd4
{[%clk 1:30:16]} 9. Qxd4 {[%clk 1:30:18]} Bc5 {[%clk 1:30:04]} 10. Qd1
{[%clk 1:29:48]} O-O {[%clk 1:22:07]} 11. Bg5 {[%clk 1:26:56]} b5
{[%clk 1:16:20]} 12. Bxf6 {[%clk 1:23:54]} gxf6 {[%clk 1:16:46]} 13. Bd3
{[%clk 1:22:24]} Bb7 {[%clk 1:15:34]} 14. Qg4+ {[%clk 1:20:56]} Kh8
{[%clk 1:15:04]} 15. f4 {[%clk 1:20:27]} Rg8 {[%clk 1:12:54]} 16. Qh4
{[%clk 1:20:39]} f5 {[%clk 1:12:30]} 17. Qf6+ {[%clk 1:17:54]} Rg7
{[%clk 1:12:54]} 18. Rf3 {[%clk 1:17:53]} Qd8 {[%clk 1:07:35]} 19. Qh6
{[%clk 1:11:48]} b4 {[%clk 1:06:37]} 20. Na4 {[%clk 1:09:37]} fxe4
{[%clk 1:02:20]} 21. Rg3 {[%clk 1:08:57]} Rxg3 {[%clk 0:54:35]} 22. hxg3
{[%clk 1:09:20]} Bf8 {[%clk 0:53:34]} 23. Qh5 {[%clk 1:06:08]} exd3
{[%clk 0:52:53]} 24. cxd3 {[%clk 1:06:28]} Qc7 {[%clk 0:44:24]} 25. Qxf7
{[%clk 1:03:50]} Qc6 {[%clk 0:42:23]} 26. Rg1 {[%clk 1:02:07]} Qxa4
{[%clk 0:42:37]} 27. Qh5 {[%clk 1:01:40]} Qxa2 {[%clk 0:38:51]} 28. Qe2
{[%clk 1:01:50]} Bg7 {[%clk 0:38:37]} 29. Qe3 {[%clk 0:59:58]} Qd5
{[%clk 0:36:28]} 30. Qd2 {[%clk 1:00:06]} Qh5# {[%clk 0:36:39]} 0-1

[Event "Open C"]
[Site "Polanica-Zdroj"]
[Date "2017.08.19"]
[Round "1.8"]
[White "Bakalarz, Leszek"]
[Black "Roszkiewicz, Anna"]
[Result "1-0"]
[BlackElo "1505"]
[WhiteElo "1972"]
[LiveChessVersion "1.4.8"]

1. e4 {[%clk 1:30:57]} c5 {[%clk 1:30:50]} 2. Nf3 {[%clk 1:31:23]} d6
{[%clk 1:31:06]} 3. d4 {[%clk 1:31:50]} cxd4 {[%clk 1:31:29]} 4. Nxd4
{[%clk 1:32:15]} Nf6 {[%clk 1:31:48]} 5. Nc3 {[%clk 1:32:41]} a6 {[%clk 1:31:53]}
6. Bg5 {[%clk 1:33:06]} e6 {[%clk 1:31:54]} 7. f4 {[%clk 1:33:33]} Be7
{[%clk 1:31:54]} 8. Qf3 {[%clk 1:34:00]} Qc7 {[%clk 1:32:03]} 9. O-O-O
{[%clk 1:34:24]} h6 {[%clk 1:31:43]} 10. Bh4 {[%clk 1:34:16]} Nbd7
{[%clk 1:31:46]} 11. Rg1 {[%clk 1:34:15]} b5 {[%clk 1:29:32]} 12. a3
{[%clk 1:28:54]} Bb7 {[%clk 1:26:38]} 13. g4 {[%clk 1:29:00]} g5 {[%clk 1:22:10]}
14. fxg5 {[%clk 1:28:36]} Ne5 {[%clk 1:21:22]} 15. Qe2 {[%clk 1:28:27]} Nh7
{[%clk 1:11:38]} 16. Nf3 {[%clk 1:29:02]} Nxf3 {[%clk 1:09:35]} 17. Qxf3
{[%clk 1:29:30]} Nxg5 {[%clk 1:06:18]} 18. Qe2 {[%clk 1:29:38]} Rc8
{[%clk 1:03:52]} 19. Bg3 {[%clk 1:23:21]} Qb6 {[%clk 0:53:23]} 20. Bf2
{[%clk 1:23:12]} Qc7 {[%clk 0:51:23]} 21. h4 {[%clk 1:23:27]} Nh7
{[%clk 0:49:46]} 22. Kb1 {[%clk 1:12:17]} Bf6 {[%clk 0:43:11]} 23. Rd3
{[%clk 1:11:37]} Ke7 {[%clk 0:36:13]} 24. Bg3 {[%clk 0:38:54]} Rhd8
{[%clk 0:28:37]} 25. Bg2 {[%clk 0:38:42]} Be5 {[%clk 0:18:22]} 26. Rf1
{[%clk 0:27:51]} Bxg3 {[%clk 0:15:00]} 27. Rxg3 {[%clk 0:28:19]} Rf8
{[%clk 0:14:05]} 28. Qe3 {[%clk 0:26:10]} a5 {[%clk 0:10:11]} 29. Qxh6
{[%clk 0:25:46]} d5 {[%clk 0:10:03]} 30. e5 {[%clk 0:17:01]} Qxe5
{[%clk 0:06:20]} 31. Re3 {[%clk 0:17:26]} Qd4 {[%clk 0:02:51]} 32. Nxb5
{[%clk 0:11:45]} Qxg4 {[%clk 0:03:07]} 33. Bh3 {[%clk 0:10:57]} Qc4
{[%clk 0:01:24]} 34. Rxe6+ {[%clk 0:10:46]} 1-0

[Event "Open C"]
[Site "Polanica-Zdroj"]
[Date "2017.08.19"]
[Round "1.9"]
[White "Baran, Mateusz"]
[Black "Szczesniak, Andrzej"]
[Result "0-1"]
[BlackElo "1970"]
[WhiteElo "1503"]
[LiveChessVersion "1.4.8"]

1. e4 {[%clk 1:30:57]} e6 {[%clk 1:30:42]} 2. d4 {[%clk 1:30:39]} d5
{[%clk 1:31:03]} 3. e5 {[%clk 1:29:05]} c5 {[%clk 1:28:46]} 4. c3
{[%clk 1:23:30]} Qb6 {[%clk 1:28:47]} 5. Bd3 {[%clk 1:23:07]} Bd7
{[%clk 1:28:32]} 6. Bc2 {[%clk 1:23:04]} Nc6 {[%clk 1:20:23]} 7. Nf3
{[%clk 1:23:23]} cxd4 {[%clk 1:16:48]} 8. cxd4 {[%clk 1:23:29]} Nb4
{[%clk 1:16:15]} 9. Bb3 {[%clk 1:17:59]} Bb5 {[%clk 1:10:37]} 10. Ba4
{[%clk 1:15:03]} Nd3+ {[%clk 0:54:31]} 11. Qxd3 {[%clk 1:14:56]} Bxa4
{[%clk 0:54:52]} 12. Nc3 {[%clk 1:12:28]} Bb4 {[%clk 0:55:03]} 13. Bd2
{[%clk 1:11:41]} Bxc3 {[%clk 0:54:10]} 14. Qxc3 {[%clk 1:10:09]} Bb5
{[%clk 0:48:20]} 15. O-O-O {[%clk 0:59:26]} Ne7 {[%clk 0:44:40]} 16. Kb1
{[%clk 0:57:38]} Rc8 {[%clk 0:32:46]} 17. Qe3 {[%clk 0:50:41]} Nf5
{[%clk 0:30:44]} 18. Qf4 {[%clk 0:49:30]} Be2 {[%clk 0:22:52]} 19. Rc1
{[%clk 0:49:17]} O-O {[%clk 0:22:41]} 20. Bc3 {[%clk 0:48:10]} Bxf3
{[%clk 0:20:48]} 21. Qxf3 {[%clk 0:43:39]} Nxd4 {[%clk 0:20:03]} 22. Qd3
{[%clk 0:43:53]} Nc6 {[%clk 0:16:18]} 23. f4 {[%clk 0:43:52]} d4 {[%clk 0:15:58]}
24. Bd2 {[%clk 0:43:39]} a5 {[%clk 0:15:09]} 25. g4 {[%clk 0:41:43]} Rfd8
{[%clk 0:13:51]} 26. Qg3 {[%clk 0:38:52]} Rd5 {[%clk 0:13:05]} 27. a4
{[%clk 0:30:08]} Rcd8 {[%clk 0:11:16]} 28. Rhe1 {[%clk 0:29:34]} d3
{[%clk 0:10:39]} 29. f5 {[%clk 0:28:43]} Qb3 {[%clk 0:10:19]} 30. f6
{[%clk 0:26:04]} Nb4 {[%clk 0:09:50]} 31. Bxb4 {[%clk 0:26:19]} Qxb4
{[%clk 0:10:07]} 32. Red1 {[%clk 0:19:44]} d2 {[%clk 0:08:15]} 33. Rc2
{[%clk 0:19:48]} Qe4 {[%clk 0:08:18]} 34. Qc3 {[%clk 0:14:55]} Qe2
{[%clk 0:08:09]} 35. Rcxd2 {[%clk 0:14:06]} Rxd2 {[%clk 0:08:27]} 36. Rxd2
{[%clk 0:14:21]} Qxd2 {[%clk 0:08:49]} 37. Qxd2 {[%clk 0:14:35]} Rxd2
{[%clk 0:09:07]} 0-1

[Event "Open C"]
[Site "Polanica-Zdroj"]
[Date "2017.08.19"]
[Round "1.10"]
[White "Zminda, Bogdan"]
[Black "Gonsior, Pawel"]
[Result "1-0"]
[BlackElo "1500"]
[WhiteElo "1957"]
[LiveChessVersion "1.4.8"]

1. e4 {[%clk 1:30:58]} e6 {[%clk 1:30:04]} 2. Nf3 {[%clk 1:31:17]} c5
{[%clk 1:29:39]} 3. d4 {[%clk 1:31:24]} cxd4 {[%clk 1:29:50]} 4. Nxd4
{[%clk 1:31:51]} Qb6 {[%clk 1:29:31]} 5. Nb3 {[%clk 1:29:36]} Nf6
{[%clk 1:29:36]} 6. Bd3 {[%clk 1:28:27]} d5 {[%clk 1:27:32]} 7. e5
{[%clk 1:28:13]} Nfd7 {[%clk 1:27:18]} 8. Be3 {[%clk 1:28:13]} Qc7
{[%clk 1:25:50]} 9. f4 {[%clk 1:28:28]} Nc5 {[%clk 1:21:34]} 10. Nc3
{[%clk 1:26:35]} a6 {[%clk 1:21:12]} 11. O-O {[%clk 1:23:05]} Nbd7
{[%clk 1:19:45]} 12. Kh1 {[%clk 1:17:26]} b6 {[%clk 1:08:36]} 13. Rc1
{[%clk 1:09:20]} Bb7 {[%clk 1:08:39]} 14. Qe2 {[%clk 1:08:11]} h5
{[%clk 1:05:28]} 15. Bd4 {[%clk 1:06:44]} g6 {[%clk 0:57:48]} 16. f5
{[%clk 1:06:43]} gxf5 {[%clk 0:55:52]} 17. Bxf5 {[%clk 1:03:23]} O-O-O
{[%clk 0:49:14]} 18. Bd3 {[%clk 1:03:39]} Nb8 {[%clk 0:49:04]} 19. a4
{[%clk 0:53:03]} Bh6 {[%clk 0:46:00]} 20. Rcd1 {[%clk 0:51:13]} Nxd3
{[%clk 0:45:01]} 21. Rxd3 {[%clk 0:49:56]} Nc6 {[%clk 0:40:19]} 22. a5
{[%clk 0:34:47]} Nxd4 {[%clk 0:39:58]} 23. Nxd4 {[%clk 0:34:42]} Kb8
{[%clk 0:38:55]} 24. axb6 {[%clk 0:34:51]} Qxb6 {[%clk 0:39:14]} 25. Na4
{[%clk 0:32:26]} Qc7 {[%clk 0:38:21]} 26. Rb3 {[%clk 0:31:37]} Ka8
{[%clk 0:37:09]} 27. Ra1 {[%clk 0:30:37]} Bf8 {[%clk 0:34:08]} 28. Nb6+
{[%clk 0:27:10]} Kb8 {[%clk 0:34:00]} 29. Rxa6 {[%clk 0:26:35]} Bc5
{[%clk 0:33:26]} 30. Na8 {[%clk 0:25:33]} Qd7 {[%clk 0:32:34]} 31. Nc6+
{[%clk 0:25:22]} Kc8 {[%clk 0:32:41]} 32. Qb5 {[%clk 0:23:10]} Bd4
{[%clk 0:31:41]} 33. Nb6+ {[%clk 0:22:43]} Bxb6 {[%clk 0:31:54]} 34. Rxb6
{[%clk 0:23:07]} 1-0